[Event "Canadian op"]
[Site "Calgary"]
[Date "2023.07.24"]
[Round "4"]
[White "Ratte, Cameron"]
[Black "Srinivasan, Hemant"]
[Result "0-1"]
[WhiteElo "1781"]
[BlackElo "1988"]
[PlyCount "58"]
[EventDate "2023.07.22"]
[EventType "swiss"]
[EventRounds "10"]
[EventCountry "CAN"]
[SourceTitle "EXT 2024"]
[Source "ChessBase"]
[SourceDate "2023.10.10"]
[SourceVersion "1"]
[SourceVersionDate "2023.10.10"]
[SourceQuality "1"]

1. e4 c6 2. d4 d5 3. exd5 cxd5 4. Bd3 Nf6 5. c3 Bg4 6. Qb3 Qc7 7. h3 Bd7 8. Nf3 e6 9. 0-0 Bd6 10. Re1 Bc6 11. Nbd2 Nbd7 12. Qd1 a5 13. Qe2 Nh5 14. g3 Bxg3 15. fxg3 Qxg3+ 16. Kh1 Nf4 17. Qf1 Nf6 18. Bb5 h5 19. Bxc6+ bxc6 20. Ne5 Ng4 21. Re2 f6 22. Ne4 Nxe2 23. Nxg3 Nxg3+ 24. Kg2 Nxf1 25. Ng6 Nge3+ 26. Bxe3 Nxe3+ 27. Kf3 Rh6 28. Nh4 Nf5 29. Nxf5 exf5 0-1